[Event "Nezhmetdinov Memorial rapid 38th"]
[Site "Kazan"]
[Date "2016.05.30"]
[Round "9"]
[White "Morozevich, Alexander"]
[Black "Kamsky, Gata"]
[Result "1/2-1/2"]
[WhiteElo "2683"]
[BlackElo "2670"]
[PlyCount "73"]
[EventDate "2016.05.29"]
[EventType "swiss (rapid)"]
[EventRounds "9"]
[EventCountry "RUS"]
[SourceTitle "CBM 172 Extra"]
[Source "ChessBase"]
[SourceDate "2016.06.21"]
[SourceVersion "1"]
[SourceVersionDate "2016.06.21"]
[SourceQuality "1"]

1. e4 e5 2. Nf3 Nc6 3. d4 exd4 4. Nxd4 Bc5 5. Be3 Qf6 6. c3 Nge7 7. Nc2 d6 8.
Bxc5 dxc5 9. Ne3 O-O 10. Nd2 Qg6 11. f4 f5 12. Bc4+ Kh8 13. e5 Qh6 14. Qf3 Be6
15. O-O-O Rad8 16. g3 b6 17. Qe2 Na5 18. Bxe6 Qxe6 19. Kb1 Kg8 20. h4 Nd5 21.
Nf3 Nxe3 22. Qxe3 h6 23. Qe2 Nc6 24. h5 a5 25. Nh4 Ne7 26. Rd2 a4 27. a3 Qb3
28. Rhd1 Nd5 29. Qf3 c6 30. Ng6 Rfe8 31. Kc1 b5 32. Qd3 Nb4 33. Qxd8 Na2+ 34.
Kb1 Nxc3+ 35. Kc1 Na2+ 36. Kb1 Nc3+ 37. Kc1 1/2-1/2

[Event "Nezhmetdinov Memorial 38th"]
[Site "Kazan"]
[Date "2016.06.01"]
[Round "2"]
[White "Kamsky, Gata"]
[Black "Mischeryakov, Alexey"]
[Result "0-1"]
[WhiteElo "2670"]
[BlackElo "1976"]
[PlyCount "68"]
[EventDate "2016.05.31"]
[EventType "swiss"]
[EventRounds "9"]
[EventCountry "RUS"]
[SourceTitle "CBM 172 Extra"]
[Source "ChessBase"]
[SourceDate "2016.06.21"]
[SourceVersion "1"]
[SourceVersionDate "2016.06.21"]
[SourceQuality "1"]

1. e4 g6 2. d4 Bg7 3. Nc3 d6 4. Be3 a6 5. Qd2 Nd7 6. f4 b5 7. a3 Bb7 8. Be2 c5
9. Bf3 Nb6 10. b3 cxd4 11. Bxd4 e5 12. fxe5 dxe5 13. Be3 Nd7 14. O-O-O h5 15.
g4 hxg4 16. Bxg4 Ngf6 17. Bf3 Qe7 18. Kb2 Nc5 19. Qf2 Rc8 20. Nge2 Ncxe4 21.
Qg2 Nxc3 22. Bxb7 Nxd1+ 23. Rxd1 O-O 24. Bxc8 Rxc8 25. c3 a5 26. Qh3 Qb7 27.
Bb6 Ra8 28. Rd8+ Rxd8 29. Bxd8 Qd5 30. Bxf6 Qd2+ 31. Kb1 Bxf6 32. Qf3 Be7 33.
b4 Qd1+ 34. Kb2 a4 0-1

[Event "Nezhmetdinov Memorial 38th"]
[Site "Kazan"]
[Date "2016.06.02"]
[Round "3"]
[White "Kamsky, Gata"]
[Black "Korovin, Mikhail"]
[Result "1/2-1/2"]
[WhiteElo "2670"]
[BlackElo "2240"]
[PlyCount "101"]
[EventDate "2016.05.31"]
[EventType "swiss"]
[EventRounds "9"]
[EventCountry "RUS"]
[SourceTitle "CBM 172 Extra"]
[Source "ChessBase"]
[SourceDate "2016.06.21"]
[SourceVersion "1"]
[SourceVersionDate "2016.06.21"]
[SourceQuality "1"]

1. e4 e6 2. d3 d5 3. Nd2 Nf6 4. Ngf3 Nc6 5. c3 a5 6. a4 Bc5 7. e5 Nd7 8. d4 Be7
9. Bb5 Na7 10. Bd3 c5 11. O-O Nc6 12. Re1 cxd4 13. cxd4 Nb4 14. Bb1 b6 15. Nf1
Ba6 16. Ra3 Nb8 17. Ng3 Kd7 18. Nh5 N8c6 19. Rc3 Qf8 20. Qd2 h6 21. Qf4 Kc7 22.
Qg4 g6 23. Nf6 Kb7 24. h4 Rc8 25. Be3 Bd8 26. Rec1 Ne7 27. h5 Rxc3 28. Rxc3 g5
29. Nh2 Ng8 30. Nxg8 Rxg8 31. Qd1 f5 32. exf6 Bxf6 33. Ng4 Bg7 34. Ne5 Qd6 35.
Ng6 Nc6 36. Bd3 Bxd3 37. Rxd3 Rc8 38. g3 Ne7 39. Nxe7 Qxe7 40. Bd2 Rc4 41. Bc3
Qe8 42. b3 Rc6 43. Re3 Qf7 44. b4 axb4 45. Bxb4 Qf5 46. Bc3 g4 47. a5 bxa5 48.
Bxa5 Rc2 49. Be1 Kc8 50. Qa1 Kd7 51. Qa8 1/2-1/2

[Event "Nezhmetdinov Memorial 38th"]
[Site "Kazan"]
[Date "2016.06.03"]
[Round "4"]
[White "Pershin, Denis"]
[Black "Kamsky, Gata"]
[Result "0-1"]
[WhiteElo "2336"]
[BlackElo "2670"]
[PlyCount "58"]
[EventDate "2016.05.31"]
[EventType "swiss"]
[EventRounds "9"]
[EventCountry "RUS"]
[SourceTitle "CBM 172 Extra"]
[Source "ChessBase"]
[SourceDate "2016.06.21"]
[SourceVersion "1"]
[SourceVersionDate "2016.06.21"]
[SourceQuality "1"]

1. e4 c5 2. Nf3 e6 3. d4 cxd4 4. Nxd4 a6 5. Bd3 g6 6. O-O Bg7 7. Nb3 Nc6 8. a4
b6 9. Na3 Nge7 10. Nc4 d5 11. exd5 exd5 12. Ncd2 O-O 13. Nf3 d4 14. Bg5 Ra7 15.
Be4 f6 16. Bf4 g5 17. Bc1 Rd7 18. Bxg5 fxg5 19. Nxg5 Rd6 20. Bxh7+ Kh8 21. f4
Nd5 22. Be4 Nxf4 23. Nh7 Rf7 24. Qd2 Bh6 25. Kh1 Ne5 26. g3 Nc4 27. Qf2 Qe7 28.
Rae1 Ne3 29. Bg2 Nfxg2 0-1

[Event "Nezhmetdinov Memorial 38th"]
[Site "Kazan"]
[Date "2016.06.04"]
[Round "5"]
[White "Kamsky, Gata"]
[Black "Tsydypov, Zhamsaran"]
[Result "1-0"]
[WhiteElo "2670"]
[BlackElo "2438"]
[PlyCount "41"]
[EventDate "2016.05.31"]
[EventType "swiss"]
[EventRounds "9"]
[EventCountry "RUS"]
[SourceTitle "CBM 172 Extra"]
[Source "ChessBase"]
[SourceDate "2016.06.21"]
[SourceVersion "1"]
[SourceVersionDate "2016.06.21"]
[SourceQuality "1"]

1. d4 d5 2. Nf3 Nf6 3. c4 e6 4. Nc3 Be7 5. Bf4 dxc4 6. e3 a6 7. Bxc4 b5 8. Be2
Bb7 9. Ne5 O-O 10. Bf3 Qc8 11. O-O Rd8 12. Qe2 Bd6 13. Rac1 Ra7 14. Bg5 Bxf3
15. Qxf3 Qb7 16. Ne4 Bxe5 17. dxe5 Nxe4 18. Bxd8 c5 19. Rfd1 Qc6 20. Bb6 Rd7
21. Bxc5 1-0

[Event "Nezhmetdinov Memorial 38th"]
[Site "Kazan"]
[Date "2016.06.05"]
[Round "6"]
[White "Kamsky, Gata"]
[Black "Pridorozhni, Aleksei"]
[Result "0-1"]
[WhiteElo "2670"]
[BlackElo "2552"]
[PlyCount "54"]
[EventDate "2016.05.31"]
[EventType "swiss"]
[EventRounds "9"]
[EventCountry "RUS"]
[SourceTitle "CBM 172 Extra"]
[Source "ChessBase"]
[SourceDate "2016.06.21"]
[SourceVersion "1"]
[SourceVersionDate "2016.06.21"]
[SourceQuality "1"]

1. d4 d5 2. Nf3 Nf6 3. c4 c6 4. Nc3 e6 5. g3 dxc4 6. Bg2 b5 7. Ne5 a6 8. O-O
Bb7 9. a4 Qc8 10. Bg5 Nbd7 11. e3 Nxe5 12. dxe5 Nd5 13. Ne4 h6 14. Qh5 Qc7 15.
Nd6+ Bxd6 16. exd6 Qxd6 17. e4 Nb4 18. Be3 Nd3 19. b3 cxb3 20. Rfd1 b2 21. Rab1
Rd8 22. axb5 cxb5 23. Rd2 O-O 24. Qd1 Qa3 25. Qc2 Qa4 26. f3 Qxc2 27. Rxc2 Rc8
0-1

[Event "Nezhmetdinov Memorial 38th"]
[Site "Kazan"]
[Date "2016.06.06"]
[Round "7"]
[White "Kanter, Eduard"]
[Black "Kamsky, Gata"]
[Result "0-1"]
[WhiteElo "2375"]
[BlackElo "2670"]
[PlyCount "92"]
[EventDate "2016.05.31"]
[EventType "swiss"]
[EventRounds "9"]
[EventCountry "RUS"]
[SourceTitle "CBM 172 Extra"]
[Source "ChessBase"]
[SourceDate "2016.06.21"]
[SourceVersion "1"]
[SourceVersionDate "2016.06.21"]
[SourceQuality "1"]

1. d4 f5 2. g3 Nf6 3. Bg2 g6 4. Nf3 Bg7 5. O-O O-O 6. c4 d6 7. Nc3 c6 8. Rb1 a5
9. Qb3 Kh8 10. Rd1 Na6 11. Be3 Ng4 12. Bg5 h6 13. Bd2 g5 14. Na4 Be6 15. d5
cxd5 16. cxd5 Bd7 17. h3 b5 18. hxg4 bxa4 19. Qc4 Qb6 20. Bc3 Rac8 21. Qd3 Nb4
22. Qd2 f4 23. a3 Na6 24. gxf4 Rxf4 25. Bxa5 Qb3 26. Rbc1 Rxc1 27. Rxc1 Qxb2
28. e3 Rf8 29. Qxb2 Bxb2 30. Bc3+ Bxc3 31. Rxc3 Bxg4 32. Nd4 Bd7 33. Nc6 Rc8
34. Bf1 Nc5 35. Nxe7 Rb8 36. Bc4 Rb1+ 37. Kg2 Rb2 38. Bd3 Rb3 39. Rxb3 axb3 40.
Bb1 Na4 41. Nf5 Nc3 42. Bd3 Bxf5 43. Bxf5 Kg7 44. Bd3 b2 45. Kg3 Kf6 46. f4
b1=Q 0-1

[Event "Nezhmetdinov Memorial 38th"]
[Site "Kazan"]
[Date "2016.06.07"]
[Round "8"]
[White "Kamsky, Gata"]
[Black "Yudin, Sergei"]
[Result "0-1"]
[WhiteElo "2670"]
[BlackElo "2530"]
[PlyCount "68"]
[EventDate "2016.05.31"]
[EventType "swiss"]
[EventRounds "9"]
[EventCountry "RUS"]
[SourceTitle "CBM 172 Extra"]
[Source "ChessBase"]
[SourceDate "2016.06.21"]
[SourceVersion "1"]
[SourceVersionDate "2016.06.21"]
[SourceQuality "1"]

1. d4 d5 2. Bf4 c5 3. e3 Nc6 4. Nf3 Nf6 5. Nbd2 e6 6. c3 Bd6 7. Bg3 O-O 8. Bb5
Bxg3 9. hxg3 Qb6 10. Bxc6 bxc6 11. Qc2 Rb8 12. Rb1 cxd4 13. cxd4 Ba6 14. b4 Qb5
15. Qd1 Nd7 16. g4 Rfe8 17. a4 Qd3 18. Rb3 Qg6 19. Nh4 Qf6 20. Qb1 e5 21. b5
cxb5 22. axb5 Bc8 23. dxe5 Nxe5 24. Nhf3 Nxf3+ 25. gxf3 h6 26. Rh5 d4 27. e4
Be6 28. Rb4 Rbc8 29. e5 Qf4 30. Qb2 Red8 31. b6 axb6 32. Kf1 Ra8 33. Rf5 Bxf5
34. gxf5 Qxe5 0-1

[Event "Nezhmetdinov Memorial 38th"]
[Site "Kazan"]
[Date "2016.06.08"]
[Round "9"]
[White "Ponfilenok, Vladimir"]
[Black "Kamsky, Gata"]
[Result "0-1"]
[WhiteElo "2395"]
[BlackElo "2670"]
[PlyCount "86"]
[EventDate "2016.05.31"]
[EventType "swiss"]
[EventRounds "9"]
[EventCountry "RUS"]
[SourceTitle "CBM 172 Extra"]
[Source "ChessBase"]
[SourceDate "2016.06.21"]
[SourceVersion "1"]
[SourceVersionDate "2016.06.21"]
[SourceQuality "1"]

1. d4 Nf6 2. c4 e6 3. g3 d5 4. Nf3 g6 5. Bg2 Bg7 6. O-O O-O 7. Nc3 Nbd7 8. Qb3
c6 9. Bf4 Re8 10. Rfe1 dxc4 11. Qxc4 Nd5 12. Bg5 Qc7 13. e4 Nxc3 14. bxc3 e5
15. Rad1 b5 16. Qd3 f6 17. Be3 Nb6 18. Nd2 Be6 19. d5 cxd5 20. exd5 Rad8 21.
Bxb6 Qxb6 22. c4 bxc4 23. Nxc4 Qc5 24. Rc1 Bh6 25. Ne3 Qa5 26. Qb3 Bf7 27. Qb7
e4 28. Qc7 Qxc7 29. Rxc7 Bxe3 30. Rxe3 Rxd5 31. Bxe4 Ra5 32. Rd7 Kf8 33. g4
Ree5 34. Bc2 Rxe3 35. fxe3 Re5 36. Rd8+ Kg7 37. Bb3 Bxb3 38. axb3 Rxe3 39. Rd7+
Kh6 40. Rxa7 Rxb3 41. Kg2 Kg5 42. Rxh7 Kxg4 43. Rh6 Kg5 0-1

[Event "Las Vegas National op"]
[Site "Las Vegas"]
[Date "2016.06.25"]
[Round "3"]
[White "Kamsky, Gata"]
[Black "Brown, Michael William"]
[Result "1/2-1/2"]
[WhiteElo "2675"]
[BlackElo "2418"]
[PlyCount "153"]
[EventDate "2016.06.24"]
[EventType "swiss"]
[EventRounds "6"]
[EventCountry "USA"]
[SourceTitle "CBM 173 Extra"]
[Source "ChessBase"]
[SourceDate "2016.08.29"]
[SourceVersion "1"]
[SourceVersionDate "2016.08.29"]
[SourceQuality "1"]

1. c4 Nf6 2. Nc3 e6 3. d4 Bb4 4. Nf3 b6 5. e3 c5 6. Bd3 Bb7 7. O-O O-O 8. Na4
cxd4 9. exd4 Be7 10. a3 d6 11. b4 Nbd7 12. Nc3 Rc8 13. Re1 Qc7 14. Bf4 Qb8 15.
Bf1 Rfe8 16. Nd2 Bf8 17. Nb3 Qa8 18. Bg3 e5 19. d5 g6 20. a4 a5 21. bxa5 bxa5
22. Qd2 Nb6 23. Nb5 Nxc4 24. Bxc4 Rxc4 25. Nxa5 Rc5 26. Nxb7 Qxb7 27. f3 Rec8
28. Ra2 Qxd5 29. Bf2 Rc1 30. Qxd5 Nxd5 31. a5 Nb4 32. Ra1 Rxe1+ 33. Bxe1 Na6
34. Rd1 f5 35. Kf1 Rb8 36. Nc3 Kf7 37. Nd5 Rb5 38. Nb6 Ke6 39. Rc1 Rc5 40. Rxc5
Nxc5 41. Bb4 Na6 42. Ba3 Bh6 43. Ke2 Bg5 44. Kd3 d5 45. Kc2 e4 46. Bb2 Be3 47.
h3 d4 48. Kb3 d3 49. Nc4 Bc5 50. Bc1 Kd5 51. Bd2 Nc7 52. Ne3+ Kc6 53. fxe4 fxe4
54. Kc4 Nb5 55. Nd1 Nd6+ 56. Kb3 Bd4 57. Kb4 Bc5+ 58. Kb3 Nf5 59. g4 Ne7 60.
Kc4 Nd5 61. Bg5 Ba7 62. Bh6 Kd6 63. Bc1 Ke5 64. Bb2+ Kf4 65. Kxd5 e3 66. Bc3 d2
67. Kc4 Ke4 68. Nb2 h5 69. gxh5 gxh5 70. a6 h4 71. Kb3 Kf3 72. Kc2 Kg2 73. Nc4
Kxh3 74. Nxe3 Bxe3 75. Bxd2 Ba7 76. Be1 Kg4 77. Bxh4 1/2-1/2

[Event "Las Vegas National op"]
[Site "Las Vegas"]
[Date "2016.06.25"]
[Round "4"]
[White "Sevillano, Enrico"]
[Black "Kamsky, Gata"]
[Result "0-1"]
[WhiteElo "2465"]
[BlackElo "2675"]
[PlyCount "84"]
[EventDate "2016.06.24"]
[EventType "swiss"]
[EventRounds "6"]
[EventCountry "USA"]
[SourceTitle "CBM 173 Extra"]
[Source "ChessBase"]
[SourceDate "2016.08.29"]
[SourceVersion "1"]
[SourceVersionDate "2016.08.29"]
[SourceQuality "1"]

1. e4 c5 2. c3 Nf6 3. e5 Nd5 4. Nf3 Nc6 5. d4 cxd4 6. cxd4 d6 7. Bc4 dxe5 8.
dxe5 Ndb4 9. Qb3 e6 10. O-O Na5 11. Bb5+ Bd7 12. Qa4 Bxb5 13. Qxb5+ Nac6 14.
Nc3 a6 15. Qc4 Qd3 16. Qf4 Be7 17. Rd1 Qg6 18. Qg3 Qxg3 19. hxg3 Rd8 20. Rxd8+
Kxd8 21. Bg5 Bxg5 22. Nxg5 Nxe5 23. f4 h6 24. Nxe6+ fxe6 25. fxe5 Ke7 26. Ne4
Nd3 27. Rd1 Rd8 28. b3 b6 29. Kf1 Nxe5 30. Rxd8 Kxd8 31. Ke2 Nd7 32. Ke3 e5 33.
Nd6 Ke7 34. Nf5+ Kf6 35. g4 h5 36. Kf3 g6 37. Ne3 h4 38. Nd5+ Kg5 39. b4 e4+
40. Kxe4 Kxg4 41. Nf4 g5 42. Ne6 Nf6+ 0-1

[Event "Las Vegas National op"]
[Site "Las Vegas"]
[Date "2016.06.26"]
[Round "5"]
[White "Kamsky, Gata"]
[Black "Li, Ruifeng"]
[Result "1/2-1/2"]
[WhiteElo "2675"]
[BlackElo "2529"]
[PlyCount "138"]
[EventDate "2016.06.24"]
[EventType "swiss"]
[EventRounds "6"]
[EventCountry "USA"]
[SourceTitle "CBM 173 Extra"]
[Source "ChessBase"]
[SourceDate "2016.08.29"]
[SourceVersion "1"]
[SourceVersionDate "2016.08.29"]
[SourceQuality "1"]

1. e4 c5 2. Nf3 d6 3. d4 cxd4 4. Nxd4 Nf6 5. Nc3 a6 6. Be3 e5 7. Nf3 Qc7 8. a4
Be6 9. a5 Qc6 10. Ng5 d5 11. exd5 Bxd5 12. Ra4 h6 13. Nxd5 Nxd5 14. Rc4 Qd7 15.
Nf3 Nxe3 16. Qxd7+ Kxd7 17. fxe3 Nc6 18. c3 Nxa5 19. Nxe5+ Ke6 20. Re4 f5 21.
Ra4 Kxe5 22. Rxa5+ Kf6 23. g4 fxg4 24. Bc4 g5 25. O-O+ Kg6 26. Bf7+ Kh7 27. Bd5
Kg6 28. Bxb7 Rb8 29. Bd5 Kh5 30. Rf2 Rb6 31. Kg2 Bg7 32. Ra4 Rhb8 33. h3 gxh3+
34. Kxh3 Kg6 35. Be4+ Kh5 36. Bf3+ Kg6 37. Be4+ Kh5 38. Bf5 Rxb2 39. Rxb2 Rxb2
40. Rxa6 g4+ 41. Bxg4+ Kg5 42. Ra5+ Kg6 43. Bf5+ Kf7 44. Ra7+ Kf8 45. Ra3 Rb5
46. Bd3 Re5 47. e4 Rc5 48. c4 Bf6 49. Be2 Ke7 50. Ra6 h5 51. Kg3 h4+ 52. Kf4
Bg5+ 53. Kf3 Kd7 54. Bf1 Ke7 55. Rb6 Ra5 56. Kg4 Re5 57. Rc6 Ra5 58. Rc7+ Kd6
59. Rf7 Be7 60. Kf4 Bg5+ 61. Kg4 Be7 62. Rh7 Bf6 63. Rh6 Ke7 64. Rh7+ Kd6 65.
Bh3 Rc5 66. Ra7 Rxc4 67. Kf5 Bc3 68. e5+ Bxe5 69. Ra6+ Rc6 1/2-1/2

[Event "Las Vegas National op"]
[Site "Las Vegas"]
[Date "2016.06.26"]
[Round "6"]
[White "Zherebukh, Yaroslav"]
[Black "Kamsky, Gata"]
[Result "0-1"]
[WhiteElo "2595"]
[BlackElo "2675"]
[PlyCount "74"]
[EventDate "2016.06.24"]
[EventType "swiss"]
[EventRounds "6"]
[EventCountry "USA"]
[SourceTitle "CBM 173 Extra"]
[Source "ChessBase"]
[SourceDate "2016.08.29"]
[SourceVersion "1"]
[SourceVersionDate "2016.08.29"]
[SourceQuality "1"]

1. d4 f5 2. Nc3 Nf6 3. Bg5 e6 4. e4 fxe4 5. Nxe4 Be7 6. Bxf6 Bxf6 7. Nf3 Nc6 8.
c3 O-O 9. Bd3 d6 10. Qc2 h6 11. O-O g5 12. Qe2 Bd7 13. Nfd2 e5 14. d5 Ne7 15.
Nxf6+ Rxf6 16. Ne4 Rf7 17. Rad1 a5 18. Bb1 Qf8 19. Ng3 Kh8 20. c4 b6 21. b3 Qg7
22. a3 Ng6 23. Bxg6 Qxg6 24. b4 Rf4 25. Rb1 g4 26. c5 h5 27. cxb6 cxb6 28. Rfc1
a4 29. Rb2 h4 30. Nf1 Raf8 31. Qe3 Bb5 32. g3 Rf3 33. Qxb6 Bxf1 34. Rxf1 h3 35.
Qa6 Rxa3 36. Qe2 Rb3 37. Re1 Qf5 0-1

[Event "World op 44th"]
[Site "Philadelphia"]
[Date "2016.07.01"]
[Round "2"]
[White "Kamsky, Gata"]
[Black "Wu, Christopher"]
[Result "1-0"]
[WhiteElo "2675"]
[BlackElo "2347"]
[PlyCount "81"]
[EventDate "2016.06.30"]
[EventType "swiss"]
[EventRounds "9"]
[EventCountry "USA"]
[SourceTitle "CBM 173 Extra"]
[Source "ChessBase"]
[SourceDate "2016.08.29"]
[SourceVersion "1"]
[SourceVersionDate "2016.08.29"]
[SourceQuality "1"]

1. e4 c5 2. Nf3 e6 3. Qe2 Nc6 4. g3 Nf6 5. d3 d5 6. Bg2 Be7 7. O-O O-O 8. e5
Ne8 9. Re1 Nc7 10. Nbd2 f5 11. exf6 Bxf6 12. c3 b6 13. Nf1 e5 14. h4 Ba6 15.
Qc2 Qd7 16. Bg5 Qf5 17. Bxf6 Bxd3 18. Qd1 Bxf1 19. Bxe5 Bxg2 20. Kxg2 Nxe5 21.
Rxe5 Qf6 22. Qe2 Rae8 23. Re1 Rxe5 24. Nxe5 Qd6 25. f4 Ne8 26. Qb5 Nf6 27. Qc6
Qxc6 28. Nxc6 Rf7 29. Re6 Rd7 30. Kf3 Kf8 31. g4 Ne8 32. f5 Nc7 33. Ne5 Rd8 34.
Rc6 Ne8 35. g5 Rd6 36. Rc8 d4 37. cxd4 cxd4 38. Ke4 b5 39. Ra8 a6 40. f6 gxf6
41. gxf6 1-0

[Event "World op 44th"]
[Site "Philadelphia"]
[Date "2016.07.01"]
[Round "3"]
[White "Preotu, Razvan"]
[Black "Kamsky, Gata"]
[Result "1/2-1/2"]
[WhiteElo "2462"]
[BlackElo "2675"]
[PlyCount "71"]
[EventDate "2016.06.30"]
[EventType "swiss"]
[EventRounds "9"]
[EventCountry "USA"]
[SourceTitle "CBM 173 Extra"]
[Source "ChessBase"]
[SourceDate "2016.08.29"]
[SourceVersion "1"]
[SourceVersionDate "2016.08.29"]
[SourceQuality "1"]

1. e4 c5 2. Nf3 e6 3. d4 cxd4 4. Nxd4 a6 5. Nc3 b5 6. Bd3 Qb6 7. Be3 Bc5 8. Be2
Nc6 9. Nxc6 Bxe3 10. fxe3 dxc6 11. Qd4 Qxd4 12. exd4 e5 13. dxe5 Ne7 14. a4 Rb8
15. axb5 axb5 16. Nd1 Ng6 17. Nf2 O-O 18. Nd3 Re8 19. Kf2 Nxe5 20. Bf3 Kf8 21.
Ra7 b4 22. Rha1 Ng4+ 23. Kg3 Ne3 24. Rc7 Be6 25. Rxc6 Rec8 26. Rxc8+ Rxc8 27.
Nxb4 Nxc2 28. Nxc2 Rxc2 29. Ra8+ Ke7 30. b4 Rb2 31. Rb8 Kd6 32. Rb7 g5 33. Rb5
f6 34. h4 h6 35. Rb6+ Ke5 36. Rb5+ 1/2-1/2

[Event "World op 44th"]
[Site "Philadelphia"]
[Date "2016.07.02"]
[Round "5"]
[White "Kacheishvili, Giorgi"]
[Black "Kamsky, Gata"]
[Result "1/2-1/2"]
[WhiteElo "2589"]
[BlackElo "2675"]
[PlyCount "20"]
[EventDate "2016.06.30"]
[EventType "swiss"]
[EventRounds "9"]
[EventCountry "USA"]
[SourceTitle "CBM 173 Extra"]
[Source "ChessBase"]
[SourceDate "2016.08.29"]
[SourceVersion "1"]
[SourceVersionDate "2016.08.29"]
[SourceQuality "1"]

1. d4 Nf6 2. c4 e6 3. Nf3 b6 4. e3 Bb7 5. Bd3 g6 6. Nc3 Bg7 7. e4 d6 8. O-O O-O
9. Re1 Nbd7 10. h3 e5 1/2-1/2

[Event "World op 44th"]
[Site "Philadelphia"]
[Date "2016.07.03"]
[Round "6"]
[White "Kamsky, Gata"]
[Black "Li, Ruifeng"]
[Result "1/2-1/2"]
[WhiteElo "2675"]
[BlackElo "2529"]
[PlyCount "66"]
[EventDate "2016.06.30"]
[EventType "swiss"]
[EventRounds "9"]
[EventCountry "USA"]
[SourceTitle "CBM 173 Extra"]
[Source "ChessBase"]
[SourceDate "2016.08.29"]
[SourceVersion "1"]
[SourceVersionDate "2016.08.29"]
[SourceQuality "1"]

1. d4 Nf6 2. Nf3 g6 3. Bg5 Bg7 4. c3 O-O 5. Nbd2 h6 6. Bh4 d6 7. e4 c5 8. dxc5
dxc5 9. h3 Nh5 10. g4 Nf4 11. Nc4 b5 12. Bg3 g5 13. Bxf4 gxf4 14. Qxd8 Rxd8 15.
Na5 b4 16. Rc1 bxc3 17. bxc3 Be6 18. Bc4 Bxc4 19. Nxc4 Rd3 20. Nfe5 Bxe5 21.
Nxe5 Rd6 22. Rd1 Na6 23. Rxd6 exd6 24. Nd3 f3 25. Kd2 Re8 26. Ke3 d5 27. e5 c4
28. Nf4 Rxe5+ 29. Kxf3 Nc7 30. Rb1 Ne6 31. Rb5 Nxf4 32. Kxf4 Re2 33. f3 Rxa2
1/2-1/2

[Event "World op 44th"]
[Site "Philadelphia"]
[Date "2016.07.03"]
[Round "7"]
[White "Antal, Gergely"]
[Black "Kamsky, Gata"]
[Result "1/2-1/2"]
[WhiteElo "2545"]
[BlackElo "2675"]
[PlyCount "39"]
[EventDate "2016.06.30"]
[EventType "swiss"]
[EventRounds "9"]
[EventCountry "USA"]
[SourceTitle "CBM 173 Extra"]
[Source "ChessBase"]
[SourceDate "2016.08.29"]
[SourceVersion "1"]
[SourceVersionDate "2016.08.29"]
[SourceQuality "1"]

1. e4 c6 2. Nf3 d5 3. Nc3 Bg4 4. h3 Bxf3 5. Qxf3 e6 6. d4 Nf6 7. Bd3 dxe4 8.
Nxe4 Nxe4 9. Qxe4 Nd7 10. O-O Nf6 11. Qh4 Nd5 12. Qg3 Qc7 13. Qxc7 Nxc7 14. c3
Nd5 15. Be4 Be7 16. g3 O-O 17. Bd2 Rfd8 18. Rad1 Rd7 19. Bf3 Rad8 20. Bc1
1/2-1/2

[Event "World op 44th"]
[Site "Philadelphia"]
[Date "2016.07.04"]
[Round "9"]
[White "Gorovets, Andrey"]
[Black "Kamsky, Gata"]
[Result "1/2-1/2"]
[WhiteElo "2551"]
[BlackElo "2675"]
[PlyCount "83"]
[EventDate "2016.06.30"]
[EventType "swiss"]
[EventRounds "9"]
[EventCountry "USA"]
[SourceTitle "CBM 173 Extra"]
[Source "ChessBase"]
[SourceDate "2016.08.29"]
[SourceVersion "1"]
[SourceVersionDate "2016.08.29"]
[SourceQuality "1"]

1. d4 f5 2. Nc3 Nf6 3. Bg5 d5 4. Bxf6 exf6 5. e3 Be6 6. Bd3 Nc6 7. a3 Qd7 8.
Nge2 Ne7 9. b3 g6 10. Na4 b6 11. O-O Bh6 12. c4 O-O 13. c5 Rfb8 14. b4 b5 15.
Nac3 a5 16. Qc2 c6 17. bxa5 Rxa5 18. Rfb1 Qa7 19. Rb3 Bc8 20. a4 f4 21. exf4
bxa4 22. Rxa4 Rxa4 23. Nxa4 Rxb3 24. Qxb3 Bg4 25. f3 Be6 26. Qc2 Kf7 27. Kf2
Qa5 28. g3 Bg7 29. Nac3 Qb4 30. Na2 Qa3 31. Nac1 Bc8 32. Qc3 Qa4 33. Bc2 Qb5
34. Bd3 Qa4 35. Ke1 h5 36. Bc2 Qa7 37. h4 Bh6 38. Nd3 Bf5 39. Nb4 Bd7 40. Nd3
Bf8 41. Nf2 Qb8 42. Nd1 1/2-1/2

[Event "Warsaw Najdorf Memorial op-A 14th"]
[Site "Warsaw"]
[Date "2016.07.08"]
[Round "1"]
[White "Kamsky, Gata"]
[Black "Lewtak, Damian"]
[Result "1/2-1/2"]
[WhiteElo "2660"]
[BlackElo "2363"]
[PlyCount "78"]
[EventDate "2016.07.08"]
[EventType "swiss"]
[EventRounds "9"]
[EventCountry "POL"]
[SourceTitle "CBM 173 Extra"]
[Source "ChessBase"]
[SourceDate "2016.08.29"]
[SourceVersion "1"]
[SourceVersionDate "2016.08.29"]
[SourceQuality "1"]

1. e4 c5 2. Nf3 Nc6 3. d4 cxd4 4. Nxd4 Nf6 5. Nc3 d6 6. f4 e6 7. Be2 Be7 8. Be3
a6 9. O-O Bd7 10. Qe1 Qc7 11. Qg3 O-O 12. a4 Kh8 13. Kh1 Rac8 14. Nxc6 Bxc6 15.
Bd4 Rg8 16. Bd3 Nd7 17. e5 dxe5 18. fxe5 f5 19. Ne2 Bc5 20. Nf4 Rge8 21. Bc3 b5
22. axb5 axb5 23. Nh5 Nb6 24. b4 Nd5 25. bxc5 Nxc3 26. Ra6 Ne4 27. Bxe4 Bxe4
28. Rfa1 Re7 29. c3 g6 30. Nf6 Qxc5 31. Rd6 Qxc3 32. Rd8+ Kg7 33. Rg8+ Kf7 34.
Qxc3 Rxc3 35. Rh8 Rec7 36. Rxh7+ Kf8 37. Rh8+ Kf7 38. Rh7+ Kf8 39. Rh8+ Kf7
1/2-1/2

[Event "Warsaw Najdorf Memorial op-A 14th"]
[Site "Warsaw"]
[Date "2016.07.09"]
[Round "2"]
[White "De Marchi, Olivier"]
[Black "Kamsky, Gata"]
[Result "0-1"]
[WhiteElo "2286"]
[BlackElo "2660"]
[PlyCount "84"]
[EventDate "2016.07.08"]
[EventType "swiss"]
[EventRounds "9"]
[EventCountry "POL"]
[SourceTitle "CBM 173 Extra"]
[Source "ChessBase"]
[SourceDate "2016.08.29"]
[SourceVersion "1"]
[SourceVersionDate "2016.08.29"]
[SourceQuality "1"]

1. d4 Nf6 2. c4 e6 3. g3 Bb4+ 4. Nd2 Nc6 5. Ngf3 d5 6. Bg2 O-O 7. Qc2 dxc4 8.
Qxc4 Re8 9. O-O a5 10. a3 Bf8 11. e4 e5 12. d5 Na7 13. Nb1 c6 14. Nc3 b5 15.
Qe2 b4 16. axb4 axb4 17. Be3 bxc3 18. Bxa7 cxd5 19. bxc3 Qd7 20. Qe3 d4 21.
cxd4 Rxa7 22. Nxe5 Qb7 23. Rab1 Qa6 24. Rfc1 Ng4 25. Nxg4 Bxg4 26. Bf1 Qa3 27.
Rc3 Qe7 28. f3 Be6 29. Rbc1 g6 30. Qf2 Ra2 31. R3c2 Rxc2 32. Rxc2 Qb4 33. Qd2
Qa3 34. Rc3 Qa7 35. Rd3 Rb8 36. Kg2 Qa1 37. Qc3 Rb2+ 38. Rd2 Bh3+ 39. Kxh3
Qxf1+ 40. Kh4 h5 41. Kg5 Rxd2 42. Qxd2 Qxf3 0-1